[Event "PUR-ch"]
[Site "San Juan"]
[Date "2023.09.02"]
[Round "7"]
[White "Rodriguez Gonzalez, Angel G"]
[Black "Ayala Sanchez, Abnel"]
[Result "0-1"]
[WhiteElo "1776"]
[BlackElo "1978"]
[PlyCount "78"]
[EventDate "2023.08.25"]
[EventType "swiss"]
[EventRounds "9"]
[EventCountry "PUR"]
[SourceTitle "EXT 2024"]
[Source "ChessBase"]
[SourceDate "2023.10.10"]
[SourceVersion "1"]
[SourceVersionDate "2023.10.10"]
[SourceQuality "1"]

1. d4 e6 2. c4 f5 3. g3 Nf6 4. Bg2 d5 5. Nf3 c6 6. 0-0 Bd6 7. b3 Qe7 8. a4 0-0 9. Ba3 Bd7 10. Ne5 Be8 11. Qd3 Nbd7 12. f3 Nxe5 13. dxe5 Bc5+ 14. Kh1 Nd7 15. f4 Bh5 16. Ra2 Bxa3 17. Nxa3 Nc5 18. Qe3 Kh8 19. cxd5 exd5 20. Nc2 Ne4 21. Nd4 a5 22. Rc2 g5 23. fxg5 Qxe5 24. Rf4 Rae8 25. Rh4 Bg6 26. Bxe4 fxe4 27. Rc1 Rf7 28. Rh6 Ref8 29. h4 c5 30. Nc2 d4 31. Qg1 e3 32. Rxg6 hxg6 33. Qg2 Rf2 34. Qh3 Qe4+ 35. Kg1 Kg8 36. Ne1 Rxe2 37. h5 gxh5 38. Qxh5 Ref2 39. Qh3 e2 0-1

[Event "PUR-ch"]
[Site "San Juan"]
[Date "2016.04.03"]
[Round "4"]
[White "Ayala Sanchez, Abnel"]
[Black "Machin Rivera, Mark"]
[Result "0-1"]
[WhiteElo "1992"]
[BlackElo "2347"]
[PlyCount "110"]
[EventDate "2016.04.01"]
[EventType "tourn"]
[EventRounds "11"]
[EventCountry "PUR"]
[SourceTitle "CBM 171 Extra"]
[Source "ChessBase"]
[SourceDate "2016.04.26"]
[SourceVersion "1"]
[SourceVersionDate "2016.04.26"]
[SourceQuality "1"]

1. g3 Nf6 2. Bg2 g6 3. c4 Bg7 4. Nc3 0-0 5. d3 d6 6. e4 c5 7. Nge2 Nc6 8. 0-0 a6 9. a4 Rb8 10. Rb1 Ne8 11. Be3 Nd4 12. b4 Bg4 13. f3 Bd7 14. bxc5 dxc5 15. f4 Bc6 16. e5 Bxg2 17. Kxg2 f6 18. Ne4 b6 19. a5 fxe5 20. axb6 Rxb6 21. Bxd4 cxd4 22. Qa4 Nf6 23. c5 Rxb1 24. Nxf6+ Rxf6 25. Rxb1 Qd5+ 26. Kg1 Qxc5 27. Qa2+ Kh8 28. fxe5 Qxe5 29. Nf4 g5 30. Ng2 Qf5 31. Qe2 e5 32. Rb8+ Rf8 33. g4 Qe6 34. Rb1 a5 35. Ra1 Qa6 36. h4 Re8 37. Qe4 Qa8 38. hxg5 Qxe4 39. dxe4 Ra8 40. Ra4 Kg8 41. Kf2 Kf7 42. Ne1 Ke6 43. Ke2 Bf8 44. Nd3 Bd6 45. Kd2 Kd7 46. Kc2 Kc6 47. Nb2 Kb5 48. Kb3 Rf8 49. Ra1 Rf2 50. Rh1 a4+ 51. Nxa4 Rf3+ 52. Kc2 Kxa4 53. Rxh7 d3+ 54. Kc3 Bb4+ 55. Kc4 d2 0-1

[Event "PUR-ch"]
[Site "Bayamon"]
[Date "2013.06.01"]
[Round "6"]
[White "Diaz Montes, Edwin"]
[Black "Ayala Sanchez, Abnel"]
[Result "1/2-1/2"]
[WhiteElo "1986"]
[BlackElo "1999"]
[PlyCount "47"]
[EventDate "2013.05.24"]
[EventType "swiss"]
[EventRounds "9"]
[EventCountry "PUR"]
[SourceTitle "CBM 154 Extra"]
[Source "ChessBase"]
[SourceDate "2013.06.25"]
[SourceVersion "2"]
[SourceVersionDate "2013.06.25"]
[SourceQuality "1"]

1. e4 e6 2. d3 d5 3. Qe2 Ne7 4. Nf3 c5 5. c3 Nbc6 6. Qc2 g6 7. Be2 Bg7 8. 0-0 0-0 9. Rd1 b6 10. Nbd2 Bb7 11. Nf1 Qc7 12. h4 dxe4 13. dxe4 Rad8 14. Be3 Rxd1 15. Rxd1 Rd8 16. h5 Rxd1 17. Bxd1 Ne5 18. hxg6 hxg6 19. N1h2 N7c6 20. Be2 Qd8 21. g3 Nxf3+ 22. Nxf3 Ne5 23. Nxe5 Bxe5 24. f4 1/2-1/2